[Event "ROU-ch Men 2018"]
[Site "Olanesti"]
[Date "2018.05.22"]
[Round "9"]
[White "Stan, Andrei-Mihaita"]
[Black "Rusan, Paul-Cristian"]
[Result "0-1"]
[WhiteElo "1860"]
[BlackElo "2213"]
[Annotator "TA"]
[PlyCount "149"]
[EventDate "2018.??.??"]
[EventType "swiss"]
[EventCountry "ROU"]
[SourceTitle "playchess.com"]
[Source "ChessBase"]
[SourceQuality "1"]

{[%evp 19,149,30,23,0,0,-27,16,10,11,20,25,17,28,27,37,32,30,-12,32,33,41,0,40,37,47,14,36,30,39,41,127,22,25,18,19,18,47,12,68,84,133,129,108,130,149,145,145,153,133,138,147,127,165,125,148,139,365,159,272,272,297,256,254,247,220,209,179,201,201,181,232,221,255,231,254,231,265,0,117,67,66,0,58,0,66,29,71,0,70,0,32,0,57,0,62,0,159,166,777,746,1743,1735,1160,1059,761,8,8,-8,-8,-8,-8,-62,-54,-74,-74,-74,-74,-74,-74,-74,-74,-74,-74,-67,-67,-83,-81,-80,-77,-79,-77,-72]} 1. d4 {[%cal Bd2d4,Bd4e5][%mdl 32]} Nf6 2. c4 e5 3. dxe5 Ng4 4. Bf4 Nc6 5. Nf3 Bb4+ 6. Nbd2 {[%cal Bb1d2,Bd2f3,Bf3d4][%mdl 32]} Qe7 7. e3 Ngxe5 8. Nxe5 Nxe5 9. Be2 O-O 10. O-O d6 {LiveBook: 39 Partien. A52: Budapester Gambit (Hauptvariante)} (10... Ng6 11. Bg3 Bd6 12. Bxd6 Qxd6 13. Nb3 Qe5 14. Qd4 d6 15. Rfd1 b6 16. Qxe5 dxe5 17. Bf3 Rb8 18. Rac1 Be6 19. Bd5 Rfe8 20. c5 Bxd5 21. Rxd5 {½-½ (57) Bok,B (2599)-Reinderman,D (2584) Amsterdam 2016}) 11. Nf3 a5 12. b3 $146 ({Vorgänger:} 12. Qc2 a4 13. Kh1 Re8 14. Rac1 Bc5 15. Qc3 Bd7 {½-½ (15) Belezky,A (2466)-Alonso Rosell,A (2416) Palma de Mallorca 2008}) 12... Bf5 {Schwarz hat minimalen Vorteil.} 13. Nd4 Bg6 14. a3 Bc5 15. Qd2 f6 16. Rfe1 Rfd8 17. Qc3 Kh8 18. Bg3 c6 19. b4 Bb6 20. f3 d5 21. c5 Bc7 22. f4 Nd7 (22... Nc4 $5) 23. Bg4 Nf8 24. b5 a4 (24... cxb5 $14 25. Nxb5 Be4) 25. b6 (25. bxc6 $16 Ba5 26. Qc1) 25... Bb8 $11 26. Rac1 Be4 27. Qb4 Re8 28. Bd1 Nd7 (28... Ne6 $11) 29. Bxa4 $14 Rxa4 30. Qxa4 Nxc5 31. Qb4 $1 {Schwarz muss nun Sxc6 beachten.} Bd6 {zielt auf ...Sd3 ab.} 32. f5 $1 {Lxd6 ist eine echte Drohung.} Bxg3 33. hxg3 Nd3 34. Qxe7 Rxe7 {[#]} 35. Nxc6 $1 Re8 (35... bxc6 36. Rxc6) 36. Nd4 Nxe1 37. Rxe1 $16 {[%mdl 4096] Endspiel KTL-KTS} g6 $2 {[#]} (37... Rc8 $16 {war einen Versuch wert.} 38. a4 Rc4) 38. fxg6 (38. Rc1 $1 $18 {ist der präzise Gewinnweg.}) 38... hxg6 (38... Bd3 $16 39. gxh7 Ra8) 39. Rc1 $18 Ra8 40. Rc7 Rxa3 41. Rxb7 Ra1+ 42. Kf2 Ra2+ 43. Ke1 Rb2 44. Kd1 Rb1+ (44... Kg8 $142 45. Rb8+ Kg7 46. Ne6+ Kf7) 45. Kd2 Bxg2 46. Kc2 Be4+ 47. Kc3 Kg8 {[#]} 48. Kd2 $2 (48. Rb8+ $1 $18 Kh7 49. Nb3) 48... g5 (48... Rb2+ $1 $11 {hält das Gleichgewicht.} 49. Kc3 Rb1 50. Rb8+ Kg7) 49. Kc3 {Und Tb8+ würde nun gewinnen.} Kf8 50. Kd2 (50. Ne6+ $14 Ke8 51. Rb8+ Ke7 52. Nc5) 50... Ke8 ({Lieber} 50... Rb2+ $11 51. Kc3 Rb1) 51. Kc3 (51. g4 $14) 51... Bg2 (51... Kf8 $1 $11) 52. Kc2 Rb4 53. Kc3 Rb1 54. Kc2 (54. Rb8+ $14 Kd7 55. Nb3) 54... Be4+ 55. Kc3 f5 (55... Bg2 $11) 56. Kd2 (56. Rb8+ $1 $14 Ke7 57. Nb3 d4+ 58. Nxd4 (58. exd4 Bd5 $11)) 56... Rb4 (56... Rb2+ $11 57. Kc3 Rb1) 57. Kc3 (57. Rb8+ $1 $14 Kd7 58. Kc3 Rc4+ 59. Kb3) 57... Rc4+ $2 (57... Rb1 $11) 58. Kb3 $16 f4 $2 (58... Kd8 59. Rf7 Kc8) 59. gxf4 $18 gxf4 60. Rg7 {Droht Matt per b7.} Rc1 61. b7 Rb1+ 62. Kc3 $2 (62. Ka3 $18 {Beabsichtigt Sb3 und Matt.} Rxb7 63. Rxb7 fxe3 64. Kb4) 62... f3 $1 $11 {[%cal Bf4f3,Bf3f2][%mdl 32]} 63. Nb3 {[%cal Rb7b8]} d4+ $1 64. exd4 {[%cal Rb7b8]} Bxb7 $1 65. Nd2 (65. Rxb7 $11 f2 66. Rb8+ Kf7 67. Rb7+ Kg6 68. Rb6+ Kg7 69. Rb7+ Kg6 70. Rb6+ Kg7 71. Rb7+ Kg6) 65... f2 $15 66. Rg5 Rc1+ 67. Kd3 Ba6+ 68. Ke3 Re1+ 69. Kxf2 Re2+ 70. Kf3 Rxd2 71. Ke4 Bb7+ 72. d5 Kd8 {Schwarz steht besser.} 73. Rh5 Kc7 74. Rh7+ Kb6 75. Rd7 {Precision: Weiß = 42%, Schwarz = 40%.} 0-1